000 00211nam a2200097Ia 4500
008 230907s9999||||xx |||||||||||||| ||und||
082 _a320.6
_bPUB
245 0 _aPublic policy /
300 _a4 v. ;
942 _cBK
999 _c599401
_d599401